000 00722nam a2200205 i 4500
001 64274
003 ES-MaACL
005 20230906165104.0
007 t|
008 031223s1945 pe ||||1| spa d
100 1 _aFlorián, Mario.
_951328
245 1 0 _aUrpi
_b: (canciones neo-keshwas) /
_cMario Florián. Puna : (poemas)/ Luis de Rodrigo. Charango : (romancero cholo) / Luis Nieto.
260 _aLima :
_b[Dirección de Educación Artística y Extensión Cultural],
_c1945 (
_fimp. Ministerio de Educacion Pública)
300 _a236 p. :
_bil. ;
_c27 cm.
700 1 _aRodrigo, Luis de.
_998176
700 1 _aNieto, Luis.
_985663
740 0 _aPuna.
740 0 _aCharango.
852 _aES-MaACL
_jB-12785
_bR.26591
999 _c64274
_d64274